000 00784nam a2200229 a 4500
005 20210223125344.0
008 040423s1996 ag r 000 0 spa d
020 _a9509515981
035 _aUPN01000133078
049 _aCG
050 4 _aBF109 L2.5
_bM5.6
100 1 _aMilner, Jean-Claude,
_d1941-
_929272
245 1 3 _aLa obra clara :
_bLacan, la ciencia, la filosofía /
_cJean-Claude Milner ; tr. Diana Rabinovich.
260 _aBuenos Aires :
_bManantial,
_cc1996.
300 _a181 p.
440 0 _aBordes
534 _pTraducción de:
_tL'euvre claire, Lacan, la sciencie, la philosophie
600 1 4 _aLACAN, JACQUES,
_d1905-1981 -
_xCRITICA E INTERPRETACION
_913898
650 4 _aPSICOANALISIS Y FILOSOFIA
_914405
650 4 _aCIENCIA Y PSICOLOGIA
_9323
905 _aLibro
999 _c105231
_d105231